<?xml version="1.0" encoding="UTF-8"?>
<record
    xmlns:xsi="http://www.w3.org/2001/XMLSchema-instance"
    xsi:schemaLocation="http://www.loc.gov/MARC21/slim http://www.loc.gov/standards/marcxml/schema/MARC21slim.xsd"
    xmlns="http://www.loc.gov/MARC21/slim">

  <leader>00645cam a2200169   4500</leader>
  <controlfield tag="001">BP1006030</controlfield>
  <controlfield tag="008">       1973    mx a                spa  </controlfield>
  <datafield tag="035" ind1=" " ind2=" ">
    <subfield code="a">BP1006030</subfield>
  </datafield>
  <datafield tag="050" ind1=" " ind2="4">
    <subfield code="a">QL757 </subfield>
    <subfield code="b">P73 1973</subfield>
  </datafield>
  <datafield tag="100" ind1="1" ind2=" ">
    <subfield code="a">Price, Charles J.</subfield>
  </datafield>
  <datafield tag="245" ind1=" " ind2="0">
    <subfield code="a">Parasitolog&#xED;a pr&#xE1;ctica: t&#xE9;cnicas generales de laboratorio  y protozoarios par&#xE1;sitos : gu&#xED;a del instructor /</subfield>
    <subfield code="c">por Charles J. Price y Josephine E. Reed.</subfield>
  </datafield>
  <datafield tag="260" ind1=" " ind2=" ">
    <subfield code="a">M&#xE9;xico :</subfield>
    <subfield code="b">Centro Regional de Ayuda Tecnica,</subfield>
    <subfield code="c">1973</subfield>
  </datafield>
  <datafield tag="300" ind1=" " ind2=" ">
    <subfield code="a">vi, 25 p.</subfield>
  </datafield>
  <datafield tag="440" ind1=" " ind2="0">
    <subfield code="a">Apuntes para estudiantes de cria y cuidado de animales</subfield>
  </datafield>
  <datafield tag="650" ind1=" " ind2="4">
    <subfield code="a">Parasitologia</subfield>
    <subfield code="x">Manuales, etc.</subfield>
  </datafield>
  <datafield tag="700" ind1="1" ind2=" ">
    <subfield code="a">Reed, Josephine E.,</subfield>
    <subfield code="e">coaut.</subfield>
  </datafield>
  <datafield tag="942" ind1=" " ind2=" ">
    <subfield code="2">lcc</subfield>
    <subfield code="c">LIB</subfield>
  </datafield>
  <datafield tag="999" ind1=" " ind2=" ">
    <subfield code="c">146619</subfield>
    <subfield code="d">146617</subfield>
  </datafield>
  <datafield tag="952" ind1=" " ind2=" ">
    <subfield code="1">0</subfield>
    <subfield code="2">lcc</subfield>
    <subfield code="4">0</subfield>
    <subfield code="7">0</subfield>
    <subfield code="a">INV-038</subfield>
    <subfield code="b">INV-038</subfield>
    <subfield code="c">GENERAL</subfield>
    <subfield code="d">2019-02-14</subfield>
    <subfield code="e">DON</subfield>
    <subfield code="f">1a ed.</subfield>
    <subfield code="k">CA</subfield>
    <subfield code="o">QL757 P73 1973 </subfield>
    <subfield code="p">BIIA000001018</subfield>
    <subfield code="r">2019-02-14 00:00:00</subfield>
    <subfield code="t">1</subfield>
    <subfield code="v">1.00</subfield>
    <subfield code="y">LIB</subfield>
  </datafield>
  <datafield tag="952" ind1=" " ind2=" ">
    <subfield code="1">0</subfield>
    <subfield code="2">lcc</subfield>
    <subfield code="4">0</subfield>
    <subfield code="7">0</subfield>
    <subfield code="a">INV-038</subfield>
    <subfield code="b">INV-038</subfield>
    <subfield code="c">GENERAL</subfield>
    <subfield code="d">2019-02-14</subfield>
    <subfield code="e">DON</subfield>
    <subfield code="f">1a ed.</subfield>
    <subfield code="k">CA</subfield>
    <subfield code="o">QL757 P73 1973 </subfield>
    <subfield code="p">BIIA000001019</subfield>
    <subfield code="r">2019-02-14 00:00:00</subfield>
    <subfield code="t">2</subfield>
    <subfield code="v">1.00</subfield>
    <subfield code="y">LIB</subfield>
  </datafield>
</record>
